| 000 | 00598nam a22002057a 4500 | ||
|---|---|---|---|
| 999 |
_c19070 _d19070 |
||
| 003 | AR-CdUCM | ||
| 008 | 190516b ||||| |||| 00| 0 spa d | ||
| 040 |
_aMUNICIPALIDAD PROVINCIAL DEL CUSCO _cBIBLIOTECA MUNICIPAL DEL CUSCO |
||
| 082 |
_a869.56 / _bB39 |
||
| 100 |
_aBerrios Alarcon, Jorge _915850 |
||
| 245 | _aAntología de la poesía de chota / | ||
| 260 |
_aLima : _c1968. |
||
| 300 |
_a80 páginas ; _c23 cm. |
||
| 505 | _aContenidos : Poesías | ||
| 650 |
_aLiteratura _983 |
||
| 650 |
_aPoética _9391 |
||
| 650 |
_aPeruana _925277 |
||
| 942 |
_2ddc _cLIBROS |
||
| 945 |
_arah _d2019/05/16 |
||